The multinational pharmaceutical industry

保存先:
書誌詳細
第一著者: Levinson, Charles
フォーマット: 図書
言語:Undetermined
出版事項: Switzerland ICF 1969
主題:
タグ: タグ追加
タグなし, このレコードへの初めてのタグを付けませんか!
Thư viện lưu trữ: Trung tâm Học liệu Trường Đại học Cần Thơ
LEADER 00491nam a2200181Ia 4500
001 CTU_81548
008 210402s9999 xx 000 0 und d
082 |a 338.8 
082 |b L666 
100 |a Levinson, Charles 
245 4 |a The multinational pharmaceutical industry 
245 0 |c Charles Levinson 
260 |a Switzerland 
260 |b ICF 
260 |c 1969 
650 |a Pharmaceutical industry 
904 |i Trọng Hải 
980 |a Trung tâm Học liệu Trường Đại học Cần Thơ